000 01067ngm a2200241 a 4500
005 20240913064615.0
008 010911s1997 mx 057 aaspa d
035 _aUPN01000111243
049 _aAV
050 4 _aPVI LB 0953
245 0 0 _aAdicciones. La violencia y los jóvenes.
260 _aMéxico :
_bILCE,
_c1997.
300 _a1 videocassette (VHS) (57 min.) :
_bson., col.
440 0 _aTus hijos en el siglo XXI ;
_v9
501 _aCon: La violencia y los jóvenes
520 _a¿Porqué se drogan los jóvenes, qué causa las adicciones, cómo influyen las relaciones familiares en los casos de jóvenes adictos, cómo se previenen las adicciones? Son algunas preguntas a las que se da respuesta en este capítulo. En: La violencia y los jóvenes se aprecia la relación que existe entre la familia conflictiva y el joven delincuente
650 4 _aAbuso de drogas
_9242
650 4 _aViolencia familiar
_95665
650 0 _aRelación padres-hijos
_91359
740 3 _aLa violencia y los jóvenes
905 _aAudiovisuales
999 _c85152
_d85152